| 000 | 00617nam a22001817a 4500 | ||
|---|---|---|---|
| 005 | 20251027210713.0 | ||
| 008 | 251027b |||||||| |||| 00| 0 eng d | ||
| 020 | _a9780815153016 | ||
| 050 |
_aRT41 _b.M488 |
||
| 245 |
_aMedical-Surgical Nursing _bAssessment and Management of Clinical Problems _cedited by Sharon Mantik Lewis, Idolia Cox Collier & Margaret M. Heitkemper |
||
| 250 | _a4th ed. | ||
| 260 |
_aSt. Louis _bMosby _c1996 |
||
| 300 |
_axxix. 2043p. _bill. color _c28cm |
||
| 700 | _aLewis, Sharon Mantik | ||
| 700 | _aCollier, Idolia Cox | ||
| 700 | _aHeitkemper, Margaret M. | ||
| 942 |
_2lcc _cBK _e4th ed. _n0 |
||
| 999 |
_c7840 _d7840 |
||